LEADER 01436nas 2200433-a 450 001 9910132502003321 005 20240413022931.0 011 $a1658-4325 035 $a(CKB)110978978742847 035 $a(CONSER)---83643160- 035 $a(MiAaPQ)426360 035 $a(EXLCZ)99110978978742847 100 $a19830510c1982uuuu --r f 101 0 $aara 181 $ctxt$2rdacontent 182 $cc$2rdamedia 183 $acr$2rdacarrier 200 00$aMajallat Kull?yat ?Ul?m al-Bi??r 210 $aJiddah $cAl-Kull?yah 215 $a1 online resource 300 $aRefereed/Peer-reviewed 311 08$aPrint version: Majallat Kull?yat ?Ul?m al-Bi??r. 1012-8840 (DLC)###83643160 (OCoLC)9496510 606 $aOceanography$xResearch$vPeriodicals 606 $aMarine biology$zSaudi Arabia$vPeriodicals 606 $aMarine biology$2fast$3(OCoLC)fst01009447 606 $aOceanography$xResearch$2fast$3(OCoLC)fst01043704 607 $aSaudi Arabia$2fast 608 $aPeriodicals.$2fast 615 0$aOceanography$xResearch 615 0$aMarine biology 615 7$aMarine biology. 615 7$aOceanography$xResearch. 676 $a551.46/005 712 02$aJa?mi?at al-Malik ?Abd al-?Azi?z.$bKulli?yat ?Ulu?m al-Bih?a?r. 906 $aJOURNAL 912 $a9910132502003321 920 $aexl_impl conversion 996 $aMajallat Kull?yat ?Ul?m al-Bi??r$92319932 997 $aUNINA LEADER 01154nam0-2200361 --450 001 9910208160103321 005 20260204122243.0 010 $a978-88-7431-869-8 100 $a20170619d2017----kmuy0itay5050 ba 101 0 $aita 102 $aIT 105 $aa 001yy 200 1 $aCittą fortificate$eporti, piazze d'armi e forti tra settecento borbonico e regno delle Due Sicilie$egli ingegneri Bardet, d'Escamard e Gonzales firmatari di progetti militari per Marcianise$fSalvatore Costanzo 210 $aNapoli$cGiannini$d2017 215 $a315 p.$cill.$d29 cm 610 0 $aFortificazioni 676 $a725.1809$v22$zita 700 1$aCostanzo,$bSalvatore$f<1954- >$0447816 801 0$aIT$bUNINA$gREICAT$2UNIMARC 901 0$aBK 912 $a9910208160103321 952 0$a725.18 COS 1$bBibl.2017/250$fFLFBC 952 $a03.1497$b313/2017$fDARST 952 $aD 1293 CAN$b448/2017$fDARPU 952 $aURB.LE C 497$b124/2017$fFARBC 952 $aP I 07$bs.i.$fDINST 959 $aFARBC 959 $aDARST 959 $aDARPU 959 0$aFLFBC 959 $aDINST 996 $aCittą fortificate$91466490 997 $aUNINA